000 00667nam a2200205Ii 4500
003 JO-AjNU
008 230606s9999||||xx |||||||||||||| ||und||
020 _a0-471-75272-x/978-0471-75272-1
040 _aJO-AjNU
_beng
_erda
_cJO-AjNU
041 _aeng
050 1 4 _aHF5635 . K498 2006
100 3 _aKieso,Donald E / Weygandt,Jerry J/ Warfield,Terry,
_eauthor
_93133
245 0 0 _aFundamentals of Intermediate Accounting
264 3 1 _aNew York: John Wiley and Sons,2006
300 _a886p
_b Includes appendix indexes
336 _atext
_btxt
_2rdacontent
337 _aunmediated
_bn
_2rdamedia
338 _avolume
_bnc
_2rdacarrier
650 4 _aAccounting
_93134
999 _aE1642
_c1642
_d1642